Geography Quiz

Random Geography or State Quiz

Is It That US City? Quiz Stats

 Plays Quiz Updated May 10, 2015

Score 0/30 Timer 06:00
8 Plays Today
% Correct
Of course not! (Los Angeles)
96.7%
No! (Raleigh)
92.3%
No! (Las Vegas)
91.6%
Good Start! (New York)
91%
Yes! (Boise)
89.8%
Yes! (Kansas City)
88.9%
Yes! (Green Bay)
88.1%
Well it's certainly one of them (Springfield)
88.1%
Yes! (Detroit)
87.8%
Yes! (Albuquerque)
87.3%
Yes! (Charleston)
84.7%
Yes! (Tulsa)
83.5%
Yes! (Omaha)
82.4%
Yes! (Erie)
81%
Yes! (Cheyenne)
80.8%
% Correct
No! (El Paso)
79.1%
No! (Boston)
77.8%
No! (Spokane)
77.6%
It is this time! (Portland)
73.6%
Yes! (Unalaska)
62.2%
No! (Cincinnati)
62%
No! (Denver)
59.2%
No! (Tallahassee)
59%
No! (Corinth)
58.3%
No! (Chattanooga)
55.8%
No! (Evansville)
52.2%
No! (Sioux Falls)
50.2%
No! (Birmingham)
47.3%
No! (Sacramento)
38.3%
No! (Hilo)
37%

You're not logged in!

Compare scores with friends on all Sporcle quizzes.
OR
Log In

Show Comments

Extras

Top Quizzes Today


Score Distribution

Your Account Isn't Verified!

In order to create a playlist on Sporcle, you need to verify the email address you used during registration. Go to your Sporcle Settings to finish the process.

Report this User

Report this user for behavior that violates our Community Guidelines.

Details: